00365nam a2200133 a 4500008004100000020001500041050001900056100002800075245004400103250001200147260004100159300002200200350000900222120416s1984 ||||||||||||||||| || u a0408015411 aTK 6550.28 Scr aScroggie, Marcus Graham10aFoundations of wireless and electronics a10th.ed aLondonbNewnes Technical Booksc1984 a(xvi) 551p. : ill a0.00